000 00622nam a2200217Ia 4500
005 20221122132222.0
008 131103s9999 xx 000 0 und d
040 _aLoreto College
041 _aEnglish
082 _a821.7
_bWOR-SEL
245 _aJournals of Dorothy Wordsworth
_cedited by E.DeSelincourt
260 _aLondon
_bMacmillan
_c1952
300 _avii,434 p.
504 _aIncludes index
630 _a1771 - 1855 - Wordsworth,Dorothy - History and Criticism
650 _aWordsworth,Dorothy,1771 - 1855
651 _aEnglish Poetry
700 _aSelincourt,E.De,ed.
850 _aLCLIB
942 _cBK
999 _c5983
_d56462